<?xml version="1.0" encoding="UTF-8"?>
<record
    xmlns:xsi="http://www.w3.org/2001/XMLSchema-instance"
    xsi:schemaLocation="http://www.loc.gov/MARC21/slim http://www.loc.gov/standards/marcxml/schema/MARC21slim.xsd"
    xmlns="http://www.loc.gov/MARC21/slim">

  <leader>00514nam a22001817a 4500</leader>
  <controlfield tag="003">UA-OsUOA</controlfield>
  <controlfield tag="001"> 12844 </controlfield>
  <controlfield tag="007">ta</controlfield>
  <controlfield tag="008">20050531b un ||||| |||| 00| 0 ukr d</controlfield>
  <datafield tag="100" ind1=" " ind2=" ">
    <subfield code="a">&#x41A;&#x443;&#x43D;&#x430;&#x43D;&#x435;&#x446;&#x44C; &#x41D;.</subfield>
  </datafield>
  <datafield tag="942" ind1=" " ind2=" ">
    <subfield code="c">SA</subfield>
  </datafield>
  <datafield tag="040" ind1=" " ind2=" ">
    <subfield code="a">UA-OsUOA</subfield>
    <subfield code="c">UA-OsUOA</subfield>
    <subfield code="d">UA-OsUOA</subfield>
  </datafield>
  <datafield tag="245" ind1=" " ind2=" ">
    <subfield code="a">&#x41C;&#x430;&#x43D;&#x434;&#x440;&#x456;&#x432;&#x43D;&#x456; &#x431;&#x456;&#x431;&#x43B;&#x456;&#x43E;&#x442;&#x435;&#x43A;&#x438; &#x442;&#x43E;&#x432;&#x430;&#x440;&#x438;&#x441;&#x442;&#x432;&#x430; " &#x41F;&#x440;&#x43E;&#x441;&#x432;&#x456;&#x442;&#x430; " &#x413;&#x430;&#x43B;&#x438;&#x447;&#x438;&#x43D;&#x438; ( &#x43F;&#x435;&#x440;&#x448;&#x430; &#x43F;&#x43E;&#x43B;&#x43E;&#x432;&#x438;&#x43D;&#x430; 20 &#x441;&#x442;.)</subfield>
  </datafield>
  <datafield tag="300" ind1=" " ind2=" ">
    <subfield code="a">&#x421;.31-33</subfield>
  </datafield>
  <datafield tag="955" ind1=" " ind2=" ">
    <subfield code="a">0</subfield>
  </datafield>
  <datafield tag="773" ind1="0" ind2=" ">
    <subfield code="w">0</subfield>
  </datafield>
  <datafield tag="650" ind1=" " ind2="7">
    <subfield code="a">&#x406;&#x441;&#x442;&#x43E;&#x440;&#x456;&#x44F;</subfield>
    <subfield code="2">UDC</subfield>
  </datafield>
  <datafield tag="999" ind1=" " ind2=" ">
    <subfield code="c">299005</subfield>
    <subfield code="d">299005</subfield>
  </datafield>
</record>
